[Event "Anderson mem."]
[Site "Toronto CAN"]
[Date "2002.11.20"]
[Round "7"]
[White "Siddeley, Hugh"]
[Black "Shah, Omar"]
[Result "0-1"]
[WhiteElo "2027"]
[BlackElo "1989"]
[PlyCount "76"]
[EventDate "2002.09.23"]
[EventType "tourn"]
[EventRounds "9"]
[EventCountry "CAN"]

1. d4 Nf6 2. c4 g6 3. Nc3 d5 4. cxd5 Nxd5 5. e4 Nxc3 6. bxc3 c5 7. Bb5+ Nd7 8.
Bd2 Bg7 9. Ne2 O-O 10. O-O Nf6 11. Bd3 cxd4 12. cxd4 Ng4 13. Rc1 Ne5 14. Bb1
Nc6 15. Be3 Bg4 16. f3 Bd7 17. Qd2 Re8 18. f4 Bg4 19. d5 Bxe2 20. Qxe2 Na5 21.
f5 b6 22. fxg6 hxg6 23. Bd3 Qd6 24. Qf2 Rf8 25. Qh4 Qa3 26. Rcd1 Nc4 27. Rf3
Nxe3 28. Rh3 Rfc8 29. Qh7+ Kf8 30. Rxe3 Bd4 31. Kh1 Rc1 32. Ree1 Rxd1 33. Rxd1
Rc8 34. h4 Bg7 35. h5 Rc1 36. Rxc1 Qxc1+ 37. Kh2 Qe3 38. Bf1 Qf4+ 0-1

[Event "Anderson mem."]
[Site "Toronto CAN"]
[Date "2002.11.18"]
[Round "7"]
[White "Takov, Chris"]
[Black "Sherman, Robert"]
[Result "0-1"]
[WhiteElo "1863"]
[BlackElo "1922"]
[PlyCount "64"]
[EventDate "2002.09.23"]
[EventType "tourn"]
[EventRounds "9"]
[EventCountry "CAN"]

1. d4 d5 2. c4 e6 3. Nc3 c5 4. e3 Nf6 5. Nf3 Nc6 6. Bd3 Be7 7. O-O O-O 8. a3 b6
9. cxd5 exd5 10. Qc2 Bg4 11. Ne5 Qc7 12. Nb5 Qb7 13. Nxg4 Nxg4 14. Nc3 Nf6 15.
dxc5 bxc5 16. b3 Rfd8 17. Rb1 Ne5 18. Be2 Qc7 19. f4 Nc6 20. g4 d4 21. Nb5 Qb6
22. exd4 Nxd4 23. Nxd4 cxd4 24. Kh1 Rac8 25. Qd1 Ne4 26. Bb2 d3 27. Rf3 dxe2
28. Qxe2 Nd2 29. Qxe7 Nxf3 30. f5 Qf2 31. Be5 Rd2 32. Qd6 Qg2# 0-1

[Event "Anderson mem."]
[Site "Toronto CAN"]
[Date "2002.11.25"]
[Round "8"]
[White "Lucki, Arnie"]
[Black "Benson, Chris"]
[Result "1/2-1/2"]
[WhiteElo "1916"]
[BlackElo "2054"]
[PlyCount "83"]
[EventDate "2002.09.23"]
[EventType "tourn"]
[EventRounds "9"]
[EventCountry "CAN"]

1. e4 e6 2. d4 d5 3. Nc3 Nf6 4. Bg5 Be7 5. e5 Nfd7 6. h4 c5 7. Bxe7 Kxe7 8. f4
cxd4 9. Qxd4 Nc6 10. Qd2 Qb6 11. O-O-O a5 12. Nf3 a4 13. a3 Rd8 14. Rh3 h6 15.
Rg3 Kf8 16. Qd3 Kg8 17. Re1 Qf2 18. Rg4 Nc5 19. Qd2 Qxd2+ 20. Nxd2 Nd4 21. Nb5
Nf5 22. h5 Bd7 23. c3 Bxb5 24. Bxb5 d4 25. Ne4 dxc3 26. bxc3 Nd3+ 27. Bxd3 Rxd3
28. Kc2 Rdd8 29. c4 Rac8 30. Kc3 Rc7 31. Kb4 Rd4 32. Kxa4 Rcxc4+ 33. Kb5 Rxe4
34. Rd1 Rxf4 35. Rxf4 Rxf4 36. Rd8+ Kh7 37. Rd7 Ng3 38. Rxb7 Rf5 39. a4 Rxe5+
40. Kb6 f5 41. a5 Ne4 42. a6 1/2-1/2

[Event "Anderson mem."]
[Site "Toronto CAN"]
[Date "2002.11.25"]
[Round "8"]
[White "Manalo, Pepin"]
[Black "Siddeley, Hugh"]
[Result "0-1"]
[WhiteElo "1836"]
[BlackElo "2027"]
[PlyCount "94"]
[EventDate "2002.09.23"]
[EventType "tourn"]
[EventRounds "9"]
[EventCountry "CAN"]

1. e4 c5 2. Nf3 d6 3. d4 cxd4 4. Nxd4 Nf6 5. Bd3 a6 6. c4 Nc6 7. Nxc6 bxc6 8.
Nc3 g6 9. Be3 Ng4 10. Bf4 Qb6 11. Qd2 Bg7 12. h3 Ne5 13. Be2 Be6 14. b3 h6 15.
Rc1 g5 16. Be3 Qb7 17. O-O c5 18. Nd5 Nc6 19. Bh5 O-O-O 20. Rb1 a5 21. a3 f5
22. Bg6 f4 23. Bxf4 gxf4 24. Nxf4 Bd7 25. Bf7 Rhf8 26. Bd5 Qa6 27. Rfc1 Nd4 28.
Ng6 e6 29. b4 Rf7 30. bxc5 exd5 31. Rb6 Qa7 32. cxd5 Kc7 33. Rxd6 Bb5 34. Rxd8
Kxd8 35. Kh1 Nb3 36. Qc2 Nxc1 37. Qxc1 Rxf2 38. Qe3 Qf7 39. Qg3 Rf1+ 40. Kh2
Kc8 41. Qd6 Qc7 42. e5 Qxd6 43. exd6 Kd7 44. Kg3 Bc4 45. Ne7 Be5+ 46. Kg4 Be2+
47. Kh4 Rc1 0-1

[Event "Anderson mem."]
[Site "Toronto CAN"]
[Date "2002.11.27"]
[Round "8"]
[White "Shah, Omar"]
[Black "Blakely, Matt"]
[Result "0-1"]
[WhiteElo "1989"]
[BlackElo "2002"]
[PlyCount "70"]
[EventDate "2002.09.23"]
[EventType "tourn"]
[EventRounds "9"]
[EventCountry "CAN"]

1. e4 c5 2. Nf3 d6 3. d4 cxd4 4. Nxd4 Nf6 5. Nc3 a6 6. Be3 e5 7. Nb3 Be7 8. f3
Be6 9. Qd2 Nbd7 10. O-O-O Qc7 11. Kb1 O-O 12. g4 Rac8 13. h4 Nb6 14. h5 Nfd7
15. g5 f5 16. f4 fxe4 17. Nxe4 d5 18. Nf6+ gxf6 19. g6 Nc4 20. Bxc4 Qxc4 21.
Qg2 Bf5 22. Rdg1 Qxc2+ 23. Qxc2 Bxc2+ 24. Ka1 d4 25. Bd2 Bxb3 26. axb3 e4 27.
h6 e3 28. gxh7+ Kh8 29. Bxe3 dxe3 30. Rg7 Bb4 31. Rh2 Rfe8 32. Re2 Nc5 33. Ka2
Nd3 34. Kb1 Nxf4 35. Rg8+ Kxh7 0-1

[Event "Anderson mem."]
[Site "Toronto CAN"]
[Date "2002.11.27"]
[Round "8"]
[White "Veltmann, Martin"]
[Black "Takov, Chris"]
[Result "1-0"]
[WhiteElo "2083"]
[BlackElo "1863"]
[PlyCount "84"]
[EventDate "2002.09.23"]
[EventType "tourn"]
[EventRounds "9"]
[EventCountry "CAN"]

1. c4 e5 2. Nc3 f5 3. g3 Nf6 4. Bg2 d6 5. Nf3 g6 6. O-O Bg7 7. d3 O-O 8. Rb1 c6
9. b4 h6 10. b5 Rf7 11. bxc6 Nxc6 12. Ba3 a6 13. Nd2 Be6 14. Nd5 Bxd5 15. cxd5
Nd4 16. Nc4 Nb5 17. Bb2 Nc7 18. Nb6 Rb8 19. Ba1 Nb5 20. Nc4 Bf8 21. a4 Nc7 22.
Nb6 Nd7 23. Nc4 Nc5 24. d4 exd4 25. Bxd4 Bg7 26. Bxc5 dxc5 27. d6 Ne6 28. Qd5
Nd4 29. Ne5 Bxe5 30. Qxe5 Rd7 31. e3 Ne2+ 32. Kh1 Rxd6 33. Bf3 Rd2 34. Rfe1
Nxg3+ 35. Qxg3 c4 36. Qxg6+ Kf8 37. Qxf5+ Ke7 38. Rg1 Qf8 39. Qe5+ Kd7 40. Rg7+
Qxg7 41. Qxg7+ Ke6 42. Rb6+ Kf5 1-0

[Event "Anderson mem."]
[Site "Toronto CAN"]
[Date "2002.12.02"]
[Round "9"]
[White "Blakely, Matt"]
[Black "Manalo, Pepin"]
[Result "1-0"]
[WhiteElo "2002"]
[BlackElo "1870"]
[PlyCount "85"]
[EventDate "2002.09.23"]
[EventType "tourn"]
[EventRounds "9"]
[EventCountry "CAN"]

1. d4 Nf6 2. c4 d5 3. cxd5 Bf5 4. f3 Bxb1 5. Rxb1 Qxd5 6. a3 Nc6 7. e3 O-O-O 8.
Ne2 e6 9. Nc3 Qf5 10. Bd3 Qh5 11. Qc2 Bd6 12. g4 Bg3+ 13. Kf1 Qh4 14. Qg2 Bd6
15. Bd2 g5 16. Be1 Qh6 17. Bg3 Nd5 18. Nxd5 exd5 19. Bxd6 Rxd6 20. Ke2 Re8 21.
Kd2 Kb8 22. Qf2 Qg7 23. h4 h6 24. hxg5 hxg5 25. Rh7 Qf6 26. Rbh1 a6 27. R1h6
Qe7 28. Rxd6 cxd6 29. f4 Na5 30. fxg5 Qxg5 31. Qf4 Qxf4 32. exf4 Rf8 33. g5
Nc4+ 34. Bxc4 dxc4 35. d5 Kc8 36. Kc3 b5 37. a4 Kc7 38. g6 Kb6 39. Rxf7 Re8 40.
Kd2 Kc5 41. g7 Rg8 42. f5 Kxd5 43. f6 1-0

[Event "Anderson mem."]
[Site "Toronto CAN"]
[Date "2002.12.02"]
[Round "9"]
[White "Chuprys, Viktar"]
[Black "Veltmann, Martin"]
[Result "0-1"]
[WhiteElo "1908"]
[BlackElo "2083"]
[PlyCount "70"]
[EventDate "2002.09.23"]
[EventType "tourn"]
[EventRounds "9"]
[EventCountry "CAN"]

1. e4 c5 2. Nf3 d6 3. d4 cxd4 4. Nxd4 Nf6 5. Nc3 a6 6. Rg1 e5 7. Nb3 Be7 8. g4
Be6 9. g5 Nfd7 10. Be3 Nc6 11. Qh5 Nf8 12. O-O-O Ng6 13. Nc5 Qa5 14. Nxe6 fxe6
15. Bc4 Nd4 16. Bxd4 exd4 17. Ne2 Kd7 18. Qg4 Qe5 19. Rxd4 Rhf8 20. Rd5 Qxh2
21. Rgd1 Nf4 22. R5d2 Nxe2+ 23. Bxe2 Qe5 24. Kb1 Rf4 25. Qh3 Rxe4 26. Bd3 Re1
27. f4 Rxd1+ 28. Rxd1 Qxf4 29. Re1 Re8 30. Qxe6+ Kc7 31. Bf5 Qa4 32. Bxh7 Qd7
33. Qf7 Kd8 34. Bf5 Qb5 35. Qxg7 Qxf5 0-1

[Event "Anderson mem."]
[Site "Toronto CAN"]
[Date "2002.12.02"]
[Round "9"]
[White "Shah, Omar"]
[Black "Lucki, Arnie"]
[Result "1-0"]
[WhiteElo "1999"]
[BlackElo "1966"]
[PlyCount "37"]
[EventDate "2002.09.23"]
[EventType "tourn"]
[EventRounds "9"]
[EventCountry "CAN"]

1. e4 e6 2. d4 d5 3. Nc3 Bb4 4. e5 c5 5. a3 Bxc3+ 6. bxc3 Qc7 7. Nf3 Nc6 8. Bd3
cxd4 9. cxd4 Nxd4 10. Nxd4 Qc3+ 11. Qd2 Qxa1 12. c3 Bd7 13. Nb3 Qxc1+ 14. Qxc1
Rc8 15. Nd4 a6 16. Qb2 b5 17. a4 bxa4 18. Bxa6 Rc5 19. Qb8+ 1-0

[Event "Anderson mem."]
[Site "Toronto CAN"]
[Date "2002.12.02"]
[Round "9"]
[White "Siddeley, Hugh"]
[Black "Sherman, Robert"]
[Result "0-1"]
[WhiteElo "1983"]
[BlackElo "1922"]
[PlyCount "48"]
[EventDate "2002.09.23"]
[EventType "tourn"]
[EventRounds "9"]
[EventCountry "CAN"]

1. e4 c5 2. Nf3 d6 3. d4 cxd4 4. Nxd4 Nf6 5. Nc3 g6 6. Be3 Bg7 7. f3 O-O 8. Qd2
Nc6 9. Bc4 Bd7 10. O-O-O Qb8 11. h4 b5 12. Bd5 Rc8 13. Bxc6 Bxc6 14. h5 b4 15.
Nce2 b3 16. axb3 Bd7 17. Nc3 a5 18. hxg6 fxg6 19. Nd5 Nxd5 20. exd5 a4 21. Rxh7
Kxh7 22. Rh1+ Kg8 23. Bh6 axb3 24. Qg5 Qb4 0-1

[Event "Anderson mem."]
[Site "Toronto CAN"]
[Date "2002.12.02"]
[Round "9"]
[White "Takov, Chris"]
[Black "Benson, Chris"]
[Result "1-0"]
[WhiteElo "1817"]
[BlackElo "2005"]
[PlyCount "139"]
[EventDate "2002.09.23"]
[EventType "tourn"]
[EventRounds "9"]
[EventCountry "CAN"]

1. d4 Nf6 2. c4 e6 3. Nc3 Bb4 4. Qc2 O-O 5. Bg5 b6 6. f3 h6 7. Bh4 c5 8. e3 Bb7
9. Bd3 d6 10. Nge2 Nbd7 11. O-O Rc8 12. Nb5 cxd4 13. Nxa7 Ra8 14. Nb5 d5 15.
exd4 dxc4 16. Qxc4 Be7 17. Qc7 Qxc7 18. Nxc7 Ra5 19. Be1 Ra4 20. b3 Ra7 21. Nb5
Raa8 22. a4 Nd5 23. Be4 N7f6 24. Nc7 Rac8 25. Nxd5 Bxd5 26. Bxd5 Nxd5 27. Bg3
Rc2 28. Nf4 Bf6 29. Nxd5 Bxd4+ 30. Bf2 Bxa1 31. Ne7+ Kh7 32. Rxa1 Re8 33. Bxb6
Rxe7 34. a5 Rb2 35. a6 Rxb3 36. a7 Re8 37. Bd4 Ra8 38. Kf2 Kg6 39. g4 f6 40. h4
e5 41. Be3 h5 42. g5 fxg5 43. Bxg5 Rb2+ 44. Kg3 Kf5 45. Ra5 Ke6 46. Ra6+ Kd7
47. Be3 Rb3 48. Kf2 Rb2+ 49. Ke1 Rb4 50. Bf2 Rf4 51. Ke2 e4 52. fxe4 Rxe4+ 53.
Kf3 Re5 54. Kf4 Rb5 55. Ra4 g6 56. Bd4 Rf5+ 57. Ke4 Re8+ 58. Kd3 Ra8 59. Rb4
Rd5 60. Rb7+ Ke6 61. Ke4 Ra5 62. Rg7 Ra4 63. Rxg6+ Kf7 64. Rg7+ Ke6 65. Rh7 Ra5
66. Rh6+ Kf7 67. Rh7+ Ke6 68. Rg7 Rd8 69. Rg6+ Kf7 70. Rg7+ 1-0

[Event "April Swiss"]
[Site "Edmonton CAN"]
[Date "2002.04.11"]
[Round "2"]
[White "Hughey, Micah"]
[Black "Buitendyk, Theo"]
[Result "1-0"]
[WhiteElo "2108"]
[BlackElo "1720"]
[PlyCount "71"]
[EventDate "2002.04.04"]
[EventType "swiss"]
[EventRounds "4"]
[EventCountry "CAN"]

1. e4 c5 2. Nf3 e6 3. d4 cxd4 4. c3 dxc3 5. Nxc3 Bc5 6. Bc4 a6 7. O-O Ne7 8.
Qe2 O-O 9. Rd1 b5 10. Bb3 Qb6 11. Bf4 Ng6 12. Bg3 Nc6 13. Rac1 Rd8 14. e5 Be7
15. Ne4 a5 16. Nd6 a4 17. Bc2 Nb4 18. Qe4 Nd5 19. h4 Bxd6 20. exd6 f5 21. Qe2
Ba6 22. Bxf5 b4 23. Qd2 Rf8 24. Bxg6 hxg6 25. Ne5 Qxd6 26. Nc6 Rf4 27. Bxf4
Qxf4 28. Ne7+ Kh7 29. Nxd5 Qxd2 30. Rxd2 exd5 31. Rxd5 Ra7 32. Ra5 a3 33. bxa3
bxa3 34. Rxa3 Ra8 35. Rc7 d5 36. Rd7 1-0

[Event "April Swiss"]
[Site "Edmonton CAN"]
[Date "2002.04.18"]
[Round "3"]
[White "Buitendyk, Theo"]
[Black "McIntosh, Danny"]
[Result "1-0"]
[WhiteElo "1720"]
[BlackElo "1691"]
[PlyCount "129"]
[EventDate "2002.04.04"]
[EventType "swiss"]
[EventRounds "4"]
[EventCountry "CAN"]

1. Nf3 c5 2. d4 cxd4 3. Nxd4 e5 4. Nf3 Nc6 5. e4 h6 6. Bc4 Nf6 7. Qd3 Bc5 8. a3
d6 9. Nc3 O-O 10. Bd2 Be6 11. Na4 Bxc4 12. Qxc4 Bb6 13. Nxb6 Qxb6 14. Bc3 Rac8
15. Qd3 Ng4 16. O-O Ne7 17. h3 Nf6 18. Rad1 Rfd8 19. Nh4 Qc6 20. Rfe1 a5 21.
Bxa5 Rd7 22. Bc3 Nh5 23. Bxe5 Qxc2 24. Qxc2 Rxc2 25. Rxd6 Rxd6 26. Bxd6 Nc6 27.
b4 Ra2 28. e5 Nf4 29. Rd1 b5 30. Nf5 Rxa3 31. Ne7+ Nxe7 32. Bxe7 Nd3 33. g3 Rb3
34. f4 Nxb4 35. Bxb4 Rxb4 36. Kf2 Kf8 37. Ke3 Ke7 38. Rd3 Rb1 39. Kd4 Ke6 40.
Kc5 b4 41. Kc4 h5 42. Rb3 Rxb3 43. Kxb3 g5 44. Kxb4 gxf4 45. gxf4 Kd5 46. Kb5
f6 47. exf6 Ke6 48. f7 Kxf7 49. Kc4 Kf6 50. Kd4 Kf5 51. Ke3 Kf6 52. Kf2 Kf5 53.
Kf3 h4 54. Ke3 Kf6 55. Ke4 Ke6 56. Ke3 Kf5 57. Kf3 Kg6 58. Kg4 Kh6 59. Kxh4 Kg6
60. Kg4 Kh6 61. Kf5 Kh5 62. Kf6 Kh6 63. f5 Kh7 64. Ke7 Kg8 65. f6 1-0

[Event "April Swiss"]
[Site "Edmonton CAN"]
[Date "2002.04.18"]
[Round "3"]
[White "Gardner, Robert"]
[Black "Hughey, Micah"]
[Result "1/2-1/2"]
[WhiteElo "2274"]
[BlackElo "2108"]
[PlyCount "76"]
[EventDate "2002.04.04"]
[EventType "swiss"]
[EventRounds "4"]
[EventCountry "CAN"]

1. d4 d5 2. c4 e6 3. Nc3 c5 4. cxd5 exd5 5. Nf3 Nc6 6. g3 Nf6 7. Bg2 Be7 8. O-O
O-O 9. Bg5 cxd4 10. Nxd4 h6 11. Be3 Bg4 12. Qa4 Qd7 13. Nxd5 Nxd5 14. Bxd5 Nxd4
15. Qxd4 Bf6 16. Qd2 Qb5 17. a4 Qxe2 18. Qxe2 Bxe2 19. Rfe1 Ba6 20. Rab1 Rad8
21. Red1 b6 22. b4 Be2 23. Rd2 Bg4 24. b5 Bc3 25. Rd3 Bf5 26. Rxc3 Bxb1 27. Bc6
Rd1+ 28. Kg2 Rb8 29. a5 f5 30. axb6 axb6 31. Bf4 Rc8 32. Bd5+ Rxd5 33. Rxc8+
Kh7 34. Rb8 Rxb5 35. Be3 Be4+ 36. f3 Rb2+ 37. Bf2 Bd5 38. Rxb6 Rxb6 1/2-1/2

[Event "April TNT"]
[Site "Winnipeg CAN"]
[Date "2002.04.09"]
[Round "1"]
[White "Hogeveen Rutter, Alexander"]
[Black "Curtis, Rory"]
[Result "0-1"]
[WhiteElo "1246"]
[BlackElo "1649"]
[PlyCount "36"]
[EventDate "2002.04.09"]
[EventType "swiss"]
[EventRounds "4"]
[EventCountry "CAN"]

1. e4 c5 2. Nf3 Nc6 3. Nc3 e5 4. Bb5 d6 5. d3 Nf6 6. O-O Be7 7. Nd5 O-O 8.
Nxe7+ Nxe7 9. c3 Bg4 10. Bg5 Ng6 11. h3 Be6 12. Nh4 h6 13. Nxg6 fxg6 14. Bh4 g5
15. Bg3 g4 16. hxg4 Nxg4 17. d4 cxd4 18. c4 Qb6 0-1

[Event "April TNT"]
[Site "Winnipeg CAN"]
[Date "2002.04.09"]
[Round "1"]
[White "Milord, Frank"]
[Black "Semenko, Rena"]
[Result "1-0"]
[WhiteElo "1659"]
[BlackElo "1191"]
[PlyCount "75"]
[EventDate "2002.04.09"]
[EventType "swiss"]
[EventRounds "4"]
[EventCountry "CAN"]

1. e4 e5 2. Nf3 Nc6 3. Bb5 Qf6 4. O-O Bc5 5. c3 Nge7 6. d3 h6 7. Be3 d6 8. d4
exd4 9. cxd4 Bb6 10. e5 Qg6 11. d5 Bh3 12. Nh4 Qe4 13. Qf3 Qxh4 14. gxh3 a6 15.
Bxb6 cxb6 16. dxc6 axb5 17. cxb7 Rb8 18. exd6 Qg5+ 19. Qg3 Nf5 20. Qxg5 hxg5
21. Nc3 Nxd6 22. Rfe1+ Kf8 23. Rad1 Nxb7 24. Kg2 b4 25. Nd5 Rd8 26. Nxb4 Rxd1
27. Rxd1 f5 28. Rd5 Rh4 29. a3 Rf4 30. Rb5 Nd6 31. Rxb6 Ne4 32. Nd3 Rh4 33. Ne5
Rf4 34. Ng6+ Kg8 35. Nxf4 gxf4 36. b4 Nd2 37. f3 g5 38. Rg6+ 1-0

[Event "April TNT"]
[Site "Winnipeg CAN"]
[Date "2002.04.09"]
[Round "1"]
[White "Remillard, John"]
[Black "Czypinski, Jaroslaw"]
[Result "1/2-1/2"]
[WhiteElo "1546"]
[BlackElo "1940"]
[PlyCount "92"]
[EventDate "2002.04.09"]
[EventType "swiss"]
[EventRounds "4"]
[EventCountry "CAN"]

1. e4 e6 2. d4 d5 3. e5 c5 4. c3 Nc6 5. Nf3 Nge7 6. Bg5 Qb6 7. Qd2 Nf5 8. Be3
Bd7 9. Bd3 cxd4 10. cxd4 Nxe3 11. fxe3 Nb4 12. Nc3 Nxd3+ 13. Qxd3 Bb4 14. O-O
Bxc3 15. Qxc3 Rc8 16. Qd2 Rc6 17. Ng5 O-O 18. Qf2 Be8 19. Rac1 h6 20. Rxc6 Qxc6
21. Nh3 Qc8 22. g4 Bb5 23. Rd1 f6 24. exf6 Rxf6 25. Qg2 g5 26. e4 dxe4 27. Qxe4
Qc4 28. Nf2 Bc6 29. b3 Qc3 30. Qe5 Qf3 31. Qg3 Qe2 32. Rf1 Rf4 33. h4 Bf3 34.
hxg5 hxg5 35. Qh3 Qe3 36. Kh2 Rf7 37. Qg3 Qxd4 38. Nh3 Qd2+ 39. Rf2 Qd1 40.
Qb8+ Rf8 41. Qe5 Qc1 42. Qxe6+ Kg7 43. Qe5+ Kg6 44. Qe6+ Kg7 45. Qe5+ Kg6 46.
Qe6+ Kg7 1/2-1/2

[Event "April TNT"]
[Site "Winnipeg CAN"]
[Date "2002.04.09"]
[Round "1"]
[White "Wasney, Mark"]
[Black "Anderson, Collin"]
[Result "1-0"]
[WhiteElo "1653"]
[BlackElo "1522"]
[PlyCount "67"]
[EventDate "2002.04.09"]
[EventType "swiss"]
[EventRounds "4"]
[EventCountry "CAN"]

1. Nf3 c5 2. e4 d6 3. d4 cxd4 4. Nxd4 Nf6 5. Nc3 e6 6. Be2 a6 7. O-O Be7 8. Kh1
O-O 9. Be3 Qc7 10. f4 Nc6 11. Bf3 Re8 12. g4 Rb8 13. g5 Nd7 14. Qd2 Nxd4 15.
Bxd4 b5 16. f5 b4 17. fxe6 fxe6 18. Ne2 Bb7 19. Ng3 Nc5 20. Rae1 Rf8 21. Bg2 d5
22. exd5 exd5 23. Nf5 Ne4 24. Qe3 Bxg5 25. Qe2 Rbe8 26. Qh5 g6 27. Nh6+ Bxh6
28. Qxh6 Rf7 29. Rc1 Ref8 30. Rg1 Qe5 31. Bb6 d4 32. Rge1 Rf1+ 33. Rxf1 Rxf1+
34. Rxf1 1-0

[Event "April TNT"]
[Site "Winnipeg CAN"]
[Date "2002.04.09"]
[Round "1"]
[White "Weijs, Harry"]
[Black "Van Wyk, Joseph"]
[Result "0-1"]
[WhiteElo "1529"]
[BlackElo "1753"]
[PlyCount "48"]
[EventDate "2002.04.09"]
[EventType "swiss"]
[EventRounds "4"]
[EventCountry "CAN"]

1. d4 c6 2. e4 d5 3. e5 Bf5 4. g4 Bg6 5. Ne2 Be4 6. Rg1 e6 7. Ng3 Bg6 8. g5 Be7
9. h4 h6 10. Nh5 hxg5 11. Nxg7+ Kf8 12. Nxe6+ fxe6 13. Qf3+ Ke8 14. Bxg5 Bxg5
15. Rxg5 Be4 16. Qg3 Ne7 17. Bd3 Nf5 18. Rg8+ Rxg8 19. Qxg8+ Kd7 20. Qxd8+ Kxd8
21. Bxe4 dxe4 22. h5 Nxd4 23. Nc3 Nxc2+ 24. Kd2 Nxa1 0-1

[Event "April TNT"]
[Site "Winnipeg CAN"]
[Date "2002.04.09"]
[Round "1.1"]
[White "Schulz, Waldemar"]
[Black "Rutter, Blair"]
[Result "1-0"]
[WhiteElo "2059"]
[BlackElo "1604"]
[PlyCount "81"]
[EventDate "2002.04.09"]
[EventType "swiss"]
[EventRounds "4"]
[EventCountry "CAN"]

1. d4 d5 2. c4 c6 3. Nc3 Nf6 4. Nf3 Bf5 5. Bg5 Nbd7 6. e3 Qa5 7. Qb3 b6 8. Be2
e6 9. O-O Bd6 10. Rac1 O-O 11. Rfd1 Ne4 12. Bh4 h6 13. Nxe4 Bxe4 14. Nd2 Bh7
15. cxd5 cxd5 16. Qb5 Qxb5 17. Bxb5 Nf6 18. Ba6 Ne4 19. Nxe4 Bxe4 20. Rc6 g5
21. Rxd6 gxh4 22. Rc1 Kg7 23. f3 Bg6 24. Rc7 Kf6 25. Rdd7 Rg8 26. Rxa7 Rxa7 27.
Rxa7 Bh5 28. Kf2 Kg5 29. a3 h3 30. g3 Bg6 31. Rc7 h5 32. Rc6 Rb8 33. a4 h4 34.
gxh4+ Kxh4 35. Rc8 Rxc8 36. Bxc8 Kg5 37. b4 Bd3 38. a5 bxa5 39. bxa5 Bb5 40. a6
Kf6 41. Bb7 1-0

[Event "April TNT"]
[Site "Winnipeg CAN"]
[Date "2002.04.09"]
[Round "1.5"]
[White "Czarny, Keith"]
[Black "Trueman, Francis"]
[Result "1-0"]
[WhiteElo "1725"]
[BlackElo "1479"]
[PlyCount "93"]
[EventDate "2002.04.09"]
[EventType "swiss"]
[EventRounds "4"]
[EventCountry "CAN"]

1. c4 Nf6 2. Nc3 e5 3. d3 g6 4. g3 Bg7 5. Bg2 O-O 6. Nf3 d6 7. O-O c6 8. Re1
Re8 9. Bd2 Nbd7 10. Rc1 Nf8 11. Qb3 h5 12. e3 N8h7 13. Ne2 g5 14. e4 Nd7 15.
Kh1 Bf6 16. Be3 Ndf8 17. d4 h4 18. dxe5 dxe5 19. Rcd1 Qe7 20. Bd2 h3 21. Bf1 g4
22. Nfg1 c5 23. Nc3 Ne6 24. Nd5 Qd7 25. Bh6 Qc6 26. Re3 Bg7 27. Bxg7 Kxg7 28.
f3 Nd4 29. Qd3 gxf3 30. Nxf3 Nxf3 31. Rxf3 Ng5 32. Rf6 Re6 33. Ne7 Qxe4+ 34.
Qxe4 Nxe4 35. Rd8 Nxf6 36. Nxc8 Rc6 37. Bxh3 Ne4 38. Bd7 Rf6 39. Re8 Nf2+ 40.
Kg2 Nd3 41. h4 Rf2+ 42. Kh3 Rxb2 43. h5 Rb4 44. Bf5 e4 45. g4 Rxc4 46. g5 e3
47. h6# 1-0

[Event "April TNT"]
[Site "Winnipeg CAN"]
[Date "2002.04.16"]
[Round "2.2"]
[White "Proulx, Roy"]
[Black "Wasney, Mark"]
[Result "0-1"]
[WhiteElo "1714"]
[BlackElo "1653"]
[PlyCount "27"]
[EventDate "2002.04.09"]
[EventType "swiss"]
[EventRounds "4"]
[EventCountry "CAN"]

1. e4 c5 2. Nc3 e6 3. f4 Nc6 4. Nf3 Nge7 5. d4 cxd4 6. Nxd4 Qb6 7. Ndb5 Ng6 8.
Nd6+ Bxd6 9. Qxd6 Nge7 10. Bd3 O-O 11. Rf1 a6 12. f5 exf5 13. exf5 Re8 14. Ne4
0-1

[Event "April TNT"]
[Site "Winnipeg CAN"]
[Date "2002.04.16"]
[Round "2.4"]
[White "Gibbons, Lorne"]
[Black "Czarny, Keith"]
[Result "0-1"]
[WhiteElo "1239"]
[BlackElo "1725"]
[PlyCount "84"]
[EventDate "2002.04.09"]
[EventType "swiss"]
[EventRounds "4"]
[EventCountry "CAN"]

1. d4 e6 2. c4 f5 3. Nf3 Nf6 4. e3 Ne4 5. Bd3 Bb4+ 6. Bd2 Nxd2 7. Nbxd2 O-O 8.
a3 Be7 9. O-O b6 10. b4 Bb7 11. Re1 d6 12. e4 fxe4 13. Bxe4 Bxe4 14. Rxe4 Qd7
15. Qe2 Rf6 16. d5 e5 17. b5 Rg6 18. Nf1 Bf6 19. Ng3 Qf7 20. Nh4 Bxh4 21. Rxh4
Nd7 22. Rh5 Rf8 23. Rf5 Rf6 24. Rxf6 Nxf6 25. h3 Nd7 26. Ne4 Qg6 27. f3 Nf6 28.
Re1 Nh5 29. Kh2 Nf4 30. Qc2 Qh6 31. Qa4 Nd3 32. Re2 Qf4+ 33. Kg1 Qc1+ 34. Kh2
Ra8 35. Rd2 Nc5 36. Qb4 Nxe4 37. fxe4 Rf8 38. Qb2 Qf1 39. Re2 Rf4 40. Kg3 h5
41. Rf2 Qe1 42. Qe2 h4+ 0-1

[Event "April TNT"]
[Site "Winnipeg CAN"]
[Date "2002.04.16"]
[Round "2.8"]
[White "Anderson, Collin"]
[Black "Hogeveen Rutter, Alexander"]
[Result "1-0"]
[WhiteElo "1522"]
[BlackElo "1246"]
[PlyCount "79"]
[EventDate "2002.04.09"]
[EventType "swiss"]
[EventRounds "4"]
[EventCountry "CAN"]

1. e4 c5 2. Nf3 d6 3. d4 cxd4 4. Nxd4 g6 5. Bc4 Bg7 6. Be3 Nf6 7. Nc3 Nbd7 8.
O-O Nc5 9. f3 O-O 10. Qd2 Qb6 11. a4 Bd7 12. Nb3 Nxb3 13. Bxb3 Qb4 14. Kh1 Rfc8
15. Qd3 a6 16. Bg5 e6 17. e5 Ne8 18. exd6 Bxc3 19. bxc3 Qxc3 20. Rfd1 Qxd3 21.
Rxd3 Rc6 22. Rad1 a5 23. Rd4 Raa6 24. Bc4 Rab6 25. Bb5 Rxb5 26. axb5 Rxc2 27.
Rb1 Rc5 28. Bd8 Bxb5 29. d7 Ng7 30. Bf6 Bxd7 31. Rxd7 Ne8 32. Bd4 Rc4 33. Rd8
Kf8 34. Rxb7 Rc1+ 35. Bg1 a4 36. Rbb8 a3 37. Ra8 Ra1 38. Rxe8+ Kg7 39. h3 a2
40. Kh2 1-0

[Event "April TNT"]
[Site "Winnipeg CAN"]
[Date "2002.04.16"]
[Round "2.9"]
[White "Semenko, Rena"]
[Black "Weijs, Harry"]
[Result "0-1"]
[WhiteElo "1191"]
[BlackElo "1529"]
[PlyCount "51"]
[EventDate "2002.04.09"]
[EventType "swiss"]
[EventRounds "4"]
[EventCountry "CAN"]

1. e4 d5 2. Nc3 dxe4 3. Nxe4 Bf5 4. Bd3 e6 5. Nf3 Nf6 6. Qe2 Be7 7. Nxf6+ gxf6
8. O-O Bxd3 9. cxd3 Nc6 10. b3 Nd4 11. Qe4 Nxf3+ 12. Qxf3 Qd5 13. Qg3 O-O-O 14.
Qe3 Rhg8 15. g3 Bc5 16. Qf4 Qxd3 17. Bb2 Rg5 18. Rac1 Rf5 19. Qh6 Bxf2+ 20.
Rxf2 Rxf2 21. Kxf2 Qxd2+ 22. Qxd2 Rxd2+ 23. Kf3 Rxb2 24. Ra1 f5 25. Kf4 f6 26.
Kf3 0-1

[Event "April TNT"]
[Site "Winnipeg CAN"]
[Date "2002.04.30"]
[Round "4"]
[White "Curtis, Rory"]
[Black "Proulx, Roy"]
[Result "0-1"]
[WhiteElo "1649"]
[BlackElo "1714"]
[PlyCount "70"]
[EventDate "2002.04.09"]
[EventType "swiss"]
[EventRounds "4"]
[EventCountry "CAN"]

1. d4 e6 2. c4 d5 3. cxd5 exd5 4. Nc3 Nf6 5. Bg5 c6 6. e3 Bf5 7. Nf3 Be7 8. Qb3
b6 9. Be2 Ne4 10. Bxe7 Qxe7 11. O-O O-O 12. Nxd5 Qd6 13. Nf4 Nd7 14. Rfd1 g5
15. Nh5 Be6 16. Qc2 f5 17. Bc4 Bd5 18. Bxd5+ cxd5 19. Rac1 Rac8 20. Qb1 f4 21.
exf4 gxf4 22. Qd3 Rxc1 23. Rxc1 Rf5 24. g4 Qg6 25. Ne5 Nxe5 26. Rc8+ Rf8 27.
Rxf8+ Kxf8 28. dxe5 Qxg4+ 29. Ng3 fxg3 30. hxg3 Qe6 31. Qa3+ Qe7 32. Qe3 Qxe5
33. Qa3+ Qe7 34. Qe3 Nf6 35. Qh6+ Ke8 0-1

[Event "April TNT"]
[Site "Winnipeg CAN"]
[Date "2002.04.30"]
[Round "4"]
[White "Czarny, Keith"]
[Black "Milord, Frank"]
[Result "0-1"]
[WhiteElo "1725"]
[BlackElo "1659"]
[PlyCount "50"]
[EventDate "2002.04.09"]
[EventType "swiss"]
[EventRounds "4"]
[EventCountry "CAN"]

1. c4 Nf6 2. Nc3 e6 3. g3 d5 4. Bg2 a6 5. e3 dxc4 6. Nge2 Bd6 7. O-O c6 8. Qc2
Nbd7 9. Ne4 Ne5 10. Nxd6+ Qxd6 11. f4 Qd3 12. Qa4 b5 13. Qd1 Ned7 14. Bxc6 Rb8
15. Nd4 O-O 16. Bg2 Bb7 17. Nc6 Bxc6 18. Bxc6 Nc5 19. b3 Nce4 20. bxc4 Rfc8 21.
cxb5 axb5 22. Bxe4 Nxe4 23. f5 exf5 24. Rxf5 Nc3 25. Qf1 Ne2+ 0-1